Normal view
MARC view
Entry Personal Name
001 - CONTROL NUMBER
- control field: 4920
003 - CONTROL NUMBER IDENTIFIER
- control field: OSt
005 - DATE AND TIME OF LATEST TRANSACTION
- control field: 20150526161809.0
008 - FIXED-LENGTH DATA ELEMENTS
- fixed length control field: 150526|| aca||aabn | a|a d
040 ## - CATALOGING SOURCE
- Original cataloging agency: OSt
- Transcribing agency: OSt
100 ## - HEADING--PERSONAL NAME
- Personal name: Meystel, A.
- Fuller form of name: (Alex)
670 ## - SOURCE DATA FOUND
- Source citation: Work cat.: (OSt)1877: Meystel, A. (Alex), Intelligent systems :, c2002.
